[Event "CHI-ch"]
[Site "Vina del Mar"]
[Date "1998.??.??"]
[Round "11"]
[White "Rioseco Pinochet, Fernando Luis"]
[Black "Llanos, Guillermo"]
[Result "1/2-1/2"]
[WhiteElo "2226"]
[BlackElo "2370"]
[PlyCount "78"]
[EventDate "1998.??.??"]
[EventType "tourn"]
[EventRounds "11"]
[EventCountry "CHI"]
[EventCategory "2"]
[SourceTitle "EXT 1999"]
[Source "ChessBase"]
[SourceDate "1998.11.16"]
[SourceVersion "1"]
[SourceVersionDate "1998.11.16"]
[SourceQuality "1"]

1. d4 Nf6 2. Nf3 g6 3. c4 Bg7 4. Nc3 0-0 5. e4 d6 6. Be2 e5 7. d5 Na6 8. Bg5 h6 9. Bh4 g5 10. Bg3 Nh5 11. 0-0 f5 12. Nd2 Nf4 13. exf5 Bxf5 14. Nde4 Nxe2+ 15. Qxe2 b6 16. Rab1 Nc5 17. b4 Nxe4 18. Nxe4 Qe8 19. Rfe1 Qg6 20. h4 g4 21. c5 h5 22. Rbc1 Bh6 23. Rc3 Bxe4 24. Qxe4 Qxe4 25. Rxe4 bxc5 26. bxc5 Rfb8 27. cxd6 Rb1+ 28. Kh2 cxd6 29. Rc6 Bf8 30. f4 gxf3 31. gxf3 Rd1 32. f4 Rb8 33. Re2 exf4 34. Bxf4 Rxd5 35. Rc7 Rb4 36. Rg2+ Kh8 37. Rf7 Bg7 38. Rfxg7 Rxf4 39. Rg8+ Kh7 1/2-1/2